000 00579nam a2200217Ii 4500
003 JO-AjNU
008 230606s9999||||xx |||||||||||||| ||und||
020 _a978-385-52365-3
040 _aJO-AjNU
_beng
_erda
_cJO-AjNU
041 _aeng
050 1 4 _aQH447.S53.2009
100 3 _aShenkوDavid,
_eauthor
_998
245 0 4 _aThe Genius in all if us
250 _a1 ed
264 3 1 _aNyork:doubleday,2009
300 _a297p
336 _atext
_btxt
_2rdacontent
337 _aunmediated
_bn
_2rdamedia
338 _avolume
_bnc
_2rdacarrier
650 4 _aThe Genius in all if us
_999
999 _aE53
_c53
_d53